Trade competitiveness diagnostic toolkit.
| Main Author: | |
|---|---|
| Format: | Book |
| Published: |
Washington D.C:
The World Bank,
2012.
|
| Subjects: |
| LEADER | 00478cam a2200157 7i4500 | ||
|---|---|---|---|
| 001 | 0000028154 | ||
| 005 | 20120918090000.0 | ||
| 020 | 0 | 0 | |a 9780821389379 |
| 090 | 0 | 0 | |a I 382.63 |b REI |
| 100 | 1 | 0 | |a Reis |
| 245 | 1 | 0 | |a Trade competitiveness diagnostic toolkit. |
| 260 | 0 | 0 | |a Washington D.C: |b The World Bank, |c 2012. |
| 300 | # | # | |a 198 p. |
| 650 | 0 | 0 | |a Competition, International |
| 650 | 0 | 0 | |a Foreign trade promotion -- |z Singapore |
| 999 | |a 0000030651 |b Book |c International |e Business Information Centre | ||


